| 000 | 00823nam a2200217 a 4500 | ||
|---|---|---|---|
| 005 | 20140311163035.0 | ||
| 008 | 110125s19uu xx 00 eng d | ||
| 020 | _a9789715426473 | ||
| 050 |
_aPN 1993.5 _b.P5 2010 |
||
| 245 |
_aThe Urian anthology, 1990-1999 : _barticles, reviews and intervies by the Manunuri ng pelikulang Pilipino on the Filipino Cinema 1990-1999 / |
||
| 260 |
_aQuezon City : _bUniversity of the Philippines Press, _c2010. |
||
| 300 |
_a562 p. : _c31 cm. |
||
| 521 | _aMC | ||
| 650 | _aMotion pictures-Philippines-Review. | ||
| 650 | _aMotion picture plays-History and criticisms. | ||
| 650 | _aMotion pictures-Awards. | ||
| 650 | _aMotiom pictures film collection-Philippines. | ||
| 700 | _aIntroduced,compiled and edited by: Nicanor G. Tiongson | ||
| 942 |
_cBK _2lcc _kLOC |
||
| 999 |
_c39669 _d39669 |
||